The story of civilization : Caesar and christ: a historry of Roman civilization and of Christianity from their beginnings to A.D. 325
The Story of Civilization, Volume III: A history of Roman civilization and of Christianity from their beginnings to A.D. 325. This is the third volume of the classic, Pulitzer Prize-winning series.
में बचाया:
| मुख्य लेखक: | |
|---|---|
| स्वरूप: | पुस्तक |
| भाषा: | Undetermined |
| प्रकाशित: |
New York
Simon and Schuster
1935
|
| विषय: | |
| टैग : |
टैग जोड़ें
कोई टैग नहीं, इस रिकॉर्ड को टैग करने वाले पहले व्यक्ति बनें!
|
| Thư viện lưu trữ: | Trung tâm Học liệu Trường Đại học Cần Thơ |
|---|
| LEADER | 00848nam a2200217Ia 4500 | ||
|---|---|---|---|
| 001 | CTU_217893 | ||
| 008 | 210402s9999 xx 000 0 und d | ||
| 082 | |a 909 | ||
| 082 | |b D951/P.3 | ||
| 100 | |a Durant, Will | ||
| 245 | 4 | |a The story of civilization : | |
| 245 | 0 | |b Caesar and christ: a historry of Roman civilization and of Christianity from their beginnings to A.D. 325 | |
| 245 | 0 | |c Will Durant | |
| 260 | |a New York | ||
| 260 | |b Simon and Schuster | ||
| 260 | |c 1935 | ||
| 520 | |a The Story of Civilization, Volume III: A history of Roman civilization and of Christianity from their beginnings to A.D. 325. This is the third volume of the classic, Pulitzer Prize-winning series. | ||
| 650 | |a Civilization,Văn minh | ||
| 650 | |x History,Lịch sử | ||
| 904 | |i Qhieu | ||
| 980 | |a Trung tâm Học liệu Trường Đại học Cần Thơ | ||